[Event "BL 9091 Frankfurt-HSK"]
[Site "?"]
[Date "1990.??.??"]
[Round "?.8"]
[White "Simon, R."]
[Black "Heinemann, T."]
[Result "0-1"]
[WhiteElo "2305"]
[BlackElo "2340"]
[PlyCount "84"]
[EventDate "1990.??.??"]

1. Nf3 g6 2. e4 c5 3. d4 Bg7 4. d5 d6 5. Bb5+ Bd7 6. Bxd7+ Qxd7 7. O-O Nf6 8.
Re1 b5 9. c4 bxc4 10. e5 dxe5 11. Nc3 O-O 12. Nxe5 Qb7 13. Qf3 Na6 14. Nxc4 Nb4
15. Ne3 Rfd8 16. Rd1 Qa6 17. a3 c4 18. Qe2 Rac8 19. b3 Nfxd5 20. Nexd5 Nxd5 21.
Nxd5 Rxd5 22. Rxd5 Bxa1 23. Bh6 Bg7 24. Bxg7 Kxg7 25. h3 Qxa3 26. bxc4 Qc1+ 27.
Rd1 Qxc4 28. Qxe7 Qc5 29. Qe2 Rc7 30. Rd8 Re7 31. Qb2+ Qe5 32. Qxe5+ Rxe5 33.
Rd2 a5 34. Kf1 a4 35. Ra2 Ra5 36. Ke2 Kf6 37. Kd3 a3 38. Kc4 Kf5 39. Kb4 Ra7
40. g3 Ke4 41. f4 Kf3 42. f5 Kxg3 0-1

[Event "BL 9091 Heidelberg-Tegel"]
[Site "?"]
[Date "1990.??.??"]
[Round "?.2"]
[White "Neurohr, S."]
[Black "Lorenz, S."]
[Result "1/2-1/2"]
[WhiteElo "2350"]
[BlackElo "2325"]
[PlyCount "49"]
[EventDate "1990.??.??"]

1. d4 Nf6 2. c4 c5 3. d5 b5 4. Nf3 b4 5. Nbd2 g6 6. e4 d6 7. a3 Na6 8. e5 Ng4
9. Ne4 Bg7 10. exd6 O-O 11. Bd3 exd6 12. O-O f5 13. Neg5 h6 14. Ne6 Bxe6 15.
dxe6 Re8 16. h3 Ne5 17. g4 Nxd3 18. Qxd3 fxg4 19. hxg4 Rxe6 20. Kg2 bxa3 21.
Rxa3 Nb4 22. Qb1 d5 23. Rh1 g5 24. Nxg5 Rf6 25. Nh7 1/2-1/2

[Event "BL 9091 Heidelberg-Tegel"]
[Site "?"]
[Date "1990.??.??"]
[Round "?.3"]
[White "Rabiega, R."]
[Black "Ostl, A."]
[Result "0-1"]
[WhiteElo "2345"]
[BlackElo "2325"]
[PlyCount "54"]
[EventDate "1990.??.??"]

1. e4 c5 2. c3 Nf6 3. e5 Nd5 4. d4 cxd4 5. Nf3 Nc6 6. Bc4 Nb6 7. Bb3 d5 8. exd6
Qxd6 9. O-O Bf5 10. Nxd4 Nxd4 11. cxd4 Bxb1 12. Rxb1 e6 13. Qg4 Qd7 14. d5 exd5
15. Re1+ Kd8 16. Qd4 f6 17. Rd1 Rc8 18. Bxd5 Bc5 19. Qe4 Re8 20. Qf3 Nxd5 21.
Bf4 Ke7 22. Rxd5 Qe6 23. Rbd1 Kf8 24. h3 Kg8 25. Rd7 Qe2 26. Rxg7+ Kxg7 27.
Bh6+ Kg6 0-1

[Event "BL 9091 Heidelberg-Tegel"]
[Site "?"]
[Date "1990.??.??"]
[Round "?.4"]
[White "Mack, P."]
[Black "Hargens, T."]
[Result "1/2-1/2"]
[WhiteElo "2300"]
[BlackElo "2255"]
[PlyCount "100"]
[EventDate "1990.??.??"]

1. Nf3 Nf6 2. g3 b6 3. Bg2 Bb7 4. O-O c5 5. d3 g6 6. e4 d6 7. Nbd2 Bg7 8. Qe2
Nfd7 9. Re1 O-O 10. Nf1 Nc6 11. c3 Ba6 12. Nh4 Qc7 13. Ne3 Rae8 14. f4 e6 15.
g4 Qd8 16. Qf2 g5 17. fxg5 Nde5 18. Nc4 Ng6 19. e5 Ncxe5 20. Nxe5 Nxe5 21. Qg3
d5 22. Bf4 f6 23. gxf6 Qxf6 24. Rf1 Ng6 25. Nxg6 Qxg6 26. Rad1 Kh8 27. Rfe1 Bc8
28. Be5 Rf7 29. h4 Rg8 30. Bh3 Bxe5 31. Rxe5 Rf5 32. Rde1 h6 33. Kh2 Rxe5 34.
Rxe5 Qf7 35. Qe3 Rg6 36. Kg3 Kg8 37. Bg2 Qg7 38. Bf3 Bd7 39. c4 dxc4 40. dxc4
Kh8 41. Kh3 Qf6 42. g5 hxg5 43. hxg5 Qf8 44. Be2 Rg7 45. Bd3 Be8 46. Kg2 Bc6+
47. Kg1 Qf3 48. Qxf3 Bxf3 49. Kf2 Bh5 50. Ke3 Kg8 1/2-1/2

[Event "BL 9091 Heidelberg-Tegel"]
[Site "?"]
[Date "1990.??.??"]
[Round "?.5"]
[White "Sperlich, O."]
[Black "Pirrot, D."]
[Result "0-1"]
[WhiteElo "2295"]
[BlackElo "2355"]
[PlyCount "58"]
[EventDate "1990.??.??"]

1. c4 e5 2. Nc3 Nf6 3. Nf3 Nc6 4. e3 Bb4 5. Qc2 O-O 6. Nd5 Be7 7. a3 d6 8. Be2
Re8 9. Nxe7+ Nxe7 10. O-O Ng6 11. b3 b6 12. Bb2 Bb7 13. Rac1 c5 14. d4 exd4 15.
exd4 Nf4 16. Bd1 Be4 17. Qd2 N6h5 18. Rc3 Qf6 19. Re3 Qg6 20. g3 f5 21. Kh1 Nh3
22. Rxe4 Rxe4 23. Nh4 Qf7 24. Bf3 Rae8 25. dxc5 dxc5 26. Ng2 Nf6 27. Bxe4 Nxe4
28. Qc2 Qb7 29. Bc1 Nexf2+ 0-1

[Event "BL 9091 Heidelberg-Tegel"]
[Site "?"]
[Date "1990.??.??"]
[Round "?.6"]
[White "Weber, M."]
[Black "Zierke, O."]
[Result "1-0"]
[WhiteElo "2330"]
[BlackElo "2235"]
[PlyCount "87"]
[EventDate "1990.??.??"]

1. Nf3 d5 2. c4 e6 3. g3 Nf6 4. Bg2 Be7 5. O-O O-O 6. d4 c5 7. cxd5 exd5 8. Nc3
Nc6 9. Bg5 cxd4 10. Nxd4 h6 11. Be3 Re8 12. Qb3 Na5 13. Qa4 Bd7 14. Qc2 Rc8 15.
Rad1 Bg4 16. h3 Bh5 17. Nf5 Bb4 18. g4 Bg6 19. Bd4 Ne4 20. Qa4 Bxc3 21. bxc3
Rc4 22. Qb5 Bxf5 23. gxf5 a6 24. Qb6 Qxb6 25. Bxb6 Nc6 26. Rxd5 Nxc3 27. Rd7
Nxe2+ 28. Kh2 Nf4 29. Bh1 Ne5 30. Rxb7 Ra4 31. Be3 Rd8 32. Rfb1 g5 33. fxg6
Nexg6 34. R1b4 Rxb4 35. Rxb4 Nd3 36. Rb6 a5 37. Ra6 Nge5 38. Rxa5 Nc4 39. Rd5
Rxd5 40. Bxd5 Na3 41. Be4 Nb4 42. Bc5 Nxa2 43. Bxa3 Nc3 44. Bf3 1-0

[Event "BL 9091 HSK-Heidelberg"]
[Site "?"]
[Date "1990.??.??"]
[Round "?.2"]
[White "Brunner, L."]
[Black "Neurohr, S."]
[Result "1-0"]
[WhiteElo "2475"]
[BlackElo "2350"]
[PlyCount "85"]
[EventDate "1990.??.??"]

1. c4 Nf6 2. Nc3 g6 3. e4 d6 4. d4 Bg7 5. Nf3 O-O 6. Be2 e5 7. O-O Nc6 8. d5
Ne7 9. Nd2 a5 10. a3 Nd7 11. Rb1 f5 12. b4 Kh8 13. Qc2 Bh6 14. bxa5 Bxd2 15.
Bxd2 Rxa5 16. Nb5 Ra8 17. f4 fxe4 18. fxe5 Rxf1+ 19. Rxf1 Nxe5 20. Bc3 Nf5 21.
Qxe4 Qe7 22. c5 Kg8 23. g4 Qg5 24. Bxe5 dxe5 25. Qxe5 Qe3+ 26. Qxe3 Nxe3 27.
Nxc7 Rxa3 28. Rc1 Nxg4 29. Ne8 Re3 30. Bxg4 Rxe8 31. Bxc8 Rxc8 32. Kf2 Kf7 33.
Ke3 Kf6 34. Kd4 Ra8 35. Rf1+ Ke7 36. d6+ Ke8 37. Re1+ Kd8 38. Re7 Ra4+ 39. Kd5
Rb4 40. Rxh7 Rb2 41. h4 Rb4 42. Rh8+ Kd7 43. Rb8 1-0

[Event "BL 9091 HSK-Heidelberg"]
[Site "?"]
[Date "1990.??.??"]
[Round "?.3"]
[White "Ostl, A."]
[Black "Maus, So"]
[Result "1/2-1/2"]
[WhiteElo "2325"]
[BlackElo "2440"]
[PlyCount "86"]
[EventDate "1990.??.??"]

1. d4 g6 2. e4 Bg7 3. c3 d5 4. e5 c5 5. Be2 Nc6 6. Bf3 Bf5 7. Ne2 e6 8. O-O
Nge7 9. Be3 O-O 10. g4 Bxb1 11. Rxb1 b5 12. Ng3 b4 13. Qa4 Qa5 14. Qxa5 Nxa5
15. cxb4 cxd4 16. Bxd4 Nac6 17. Bc5 Rfe8 18. Be2 Bxe5 19. Rfd1 Bf6 20. f4 h6
21. a3 a6 22. Rd2 Reb8 23. Rc1 Rb7 24. Kg2 e5 25. Be3 exf4 26. Bxf4 Nd4 27. Bd1
Ne6 28. Bxh6 Kh7 29. Be3 d4 30. Bf2 Bg5 31. Bf3 Bxd2 32. Bxb7 Bxc1 33. Bxa8
Bxb2 34. Bb7 Bxa3 35. Bxa6 Bxb4 36. Ne2 Bc5 37. Bc4 Nc6 38. h3 Kg7 39. Bg3 Kf6
40. Nf4 Nxf4+ 41. Bxf4 Nd8 42. Kf3 Ne6 43. Ke4 Nxf4 1/2-1/2

[Event "BL 9091 HSK-Heidelberg"]
[Site "?"]
[Date "1990.??.??"]
[Round "?.4"]
[White "Wegner, H."]
[Black "Pirrot, D."]
[Result "1/2-1/2"]
[WhiteElo "2405"]
[BlackElo "2355"]
[PlyCount "163"]
[EventDate "1990.??.??"]

1. d4 Nf6 2. Nf3 g6 3. c4 Bg7 4. Nc3 O-O 5. e4 d6 6. Be2 c5 7. O-O cxd4 8. Nxd4
Nc6 9. Nc2 Nd7 10. Bd2 a5 11. Re1 Nc5 12. Bf1 a4 13. Rc1 f5 14. exf5 Bxf5 15.
Be3 Ne5 16. Nd4 Qd7 17. Nd5 Rae8 18. Nb6 Qc7 19. Nxf5 gxf5 20. Nd5 Qc6 21. f3
e6 22. Nc3 Ng6 23. b4 axb3 24. axb3 Na6 25. Qd2 Rd8 26. Bg5 Rde8 27. Nb5 Nc5
28. Qxd6 Nxb3 29. Rb1 Nc5 30. Be3 Na4 31. Qb4 Ra8 32. c5 Ne7 33. Nd4 Qxc5 34.
Nxe6 Qxb4 35. Rxb4 Bc3 36. Nxf8 Bxb4 37. Rb1 Bc5 38. Bxc5 Nxc5 39. Nd7 Nxd7 40.
Rxb7 Rd8 41. Bb5 Kf7 42. Bxd7 Kf6 43. g3 Nd5 44. Bc6 Ne7 45. Ba4 Rd2 46. Rb6+
Kg7 47. Re6 Kf8 48. f4 Rb2 49. Re5 Kf7 50. Bd7 Kf6 51. Re6+ Kf7 52. Rd6 Rc2 53.
Be6+ Kg7 54. Bb3 Rb2 55. Rd3 Re2 56. Bd1 Rb2 57. Bf3 Kf6 58. Rd8 Kf7 59. Rh8
Kg7 60. Re8 Kf7 61. Bh5+ Ng6 62. Rh8 Kg7 63. Re8 Kf6 64. Re3 Ra2 65. Be2 Rc2
66. Kf2 Ne7 67. Ke1 Nd5 68. Re5 Ne7 69. Kd1 Rb2 70. Kc1 Rb6 71. Bd3 Re6 72.
Rxe6+ Kxe6 73. Kd2 h6 74. Kc3 Kd5 75. Bc2 Kc5 76. Bb3 Nc6 77. Be6 Ne7 78. Kb3
Kd6 79. Bf7 Kc5 80. Ka4 Nc6 81. Ba2 Nd4 82. Bb1 1/2-1/2

[Event "BL 9091 HSK-Heidelberg"]
[Site "?"]
[Date "1990.??.??"]
[Round "?.5"]
[White "Weber, M."]
[Black "Michaelsen, N."]
[Result "0-1"]
[WhiteElo "2330"]
[BlackElo "2305"]
[PlyCount "114"]
[EventDate "1990.??.??"]

1. Nf3 Nf6 2. c4 c5 3. g3 b6 4. Bg2 Bb7 5. O-O e6 6. Nc3 a6 7. d4 cxd4 8. Qxd4
d6 9. Rd1 Be7 10. b3 Nbd7 11. e4 Qc8 12. Bb2 O-O 13. Nd2 Qc7 14. Rac1 Rac8 15.
h3 Qb8 16. Re1 Rfe8 17. a3 Bf8 18. Qd3 Bc6 19. Nf3 Qa8 20. Nd4 Bb7 21. Qe2 g6
22. Kh2 Bg7 23. Qc2 Nc5 24. f3 h5 25. Rcd1 Qb8 26. h4 Ba8 27. Bc1 Ncd7 28. Nde2
d5 29. Bf4 e5 30. Bg5 d4 31. Na4 b5 32. Nb2 bxc4 33. Nxc4 Nb6 34. Nc1 Nxc4 35.
bxc4 Qc7 36. Bf1 Nd7 37. Bd2 Nc5 38. Nd3 Nxd3 39. Bxd3 Bf8 40. Rb1 Bxa3 41. Ra1
Qd6 42. Qa2 Bc5 43. Qxa6 Bc6 44. Qa2 Qf6 45. Kg2 Qe6 46. Qc2 Bd7 47. Rh1 Ra8
48. Ba5 Ra6 49. Qd2 Rea8 50. Kf2 Bb6 51. Bxb6 Rxa1 52. Rxa1 Rxa1 53. Qb2 Rh1
54. Bf1 Rh2+ 55. Bg2 Qh3 56. Kg1 Qxg3 57. Qf2 Qxf2+ 0-1

[Event "BL 9091 HSK-Heidelberg"]
[Site "?"]
[Date "1990.??.??"]
[Round "?.6"]
[White "Reefschlaeger, H."]
[Black "Neunhoeffer, H."]
[Result "1/2-1/2"]
[WhiteElo "2370"]
[BlackElo "2285"]
[PlyCount "95"]
[EventDate "1990.??.??"]

1. e4 e5 2. Nf3 Nc6 3. Nc3 Nf6 4. d4 Bb4 5. d5 Ne7 6. Nxe5 d6 7. Nf3 Nxe4 8.
Qd4 Bxc3+ 9. bxc3 Nf6 10. Bg5 Nexd5 11. O-O-O Be6 12. Bc4 c5 13. Bxf6 cxd4 14.
Bxd8 Rxd8 15. Bxd5 Bxd5 16. Nxd4 O-O 17. f3 Bxa2 18. Kd2 a6 19. Ra1 Bd5 20.
Rhb1 Rd7 21. Rb6 g6 22. Ra5 Be6 23. Ra4 Rc8 24. Rab4 Bd5 25. Nb3 Bxb3 26. cxb3
Rcc7 27. h4 Kf8 28. h5 Ke7 29. hxg6 hxg6 30. Kd3 Kd8 31. Rd4 Rc6 32. Rxc6 bxc6
33. Ra4 Ra7 34. Rc4 Kd7 35. Rf4 Ke6 36. Re4+ Kd7 37. Rf4 f5 38. Rh4 Ke6 39. Rh8
Rb7 40. b4 c5 41. bxc5 dxc5 42. Rc8 Rd7+ 43. Kc4 Rd2 44. Rc6+ Kf7 45. g4 fxg4
46. fxg4 Rg2 47. Rxa6 Rxg4+ 48. Kxc5 1/2-1/2

[Event "BL 9091 HSK-Heidelberg"]
[Site "?"]
[Date "1990.??.??"]
[Round "?.7"]
[White "Zuse, P."]
[Black "Sievers, S."]
[Result "0-1"]
[WhiteElo "2270"]
[BlackElo "2330"]
[PlyCount "120"]
[EventDate "1990.??.??"]

1. e4 c5 2. Nf3 d6 3. d4 cxd4 4. Nxd4 Nf6 5. Nc3 g6 6. g3 Nc6 7. Nde2 Bg7 8.
Bg2 O-O 9. O-O Rb8 10. Nf4 e6 11. Qe2 a6 12. a4 Qc7 13. Rd1 Rd8 14. Bd2 Nd4 15.
Qd3 Ng4 16. Nfe2 Nc6 17. Be1 Nce5 18. Qd2 Nc4 19. Qc1 b5 20. axb5 axb5 21. h3
Bh6 22. Nf4 Nf6 23. b3 Ne5 24. Nxe6 Bxe6 25. Qxh6 b4 26. Na2 Qxc2 27. Nxb4 Qxb3
28. Rdb1 Qc4 29. Qe3 Qc5 30. Qf4 Nh5 31. Qh4 Rdc8 32. Kh2 Bc4 33. Rb2 Rb6 34.
Rc1 Rcb8 35. f4 Nc6 36. Bf2 Nd4 37. Rd2 Rxb4 38. Bxd4 Qb5 39. Rcd1 Bb3 40. Rc1
Rc4 41. Rb1 Qb4 42. Be3 Rc3 43. Re2 Qc4 44. Rbb2 Ra8 45. g4 Ng7 46. Qf2 Ra1 47.
Red2 Ne8 48. Bd4 Rcc1 49. Qe3 Rab1 50. Rxb1 Rxb1 51. f5 Rd1 52. Rxd1 Bxd1 53.
Bb2 Qc2 54. Qd4 f6 55. Kg1 Be2 56. Qd5+ Kf8 57. Bd4 Qd1+ 58. Kf2 Qd2 59. Kg3 g5
60. h4 Qf4+ 0-1

[Event "BL 9091 HSK-Heidelberg"]
[Site "?"]
[Date "1990.??.??"]
[Round "?.8"]
[White "Heinemann, T."]
[Black "Nonnenmacher, E."]
[Result "1/2-1/2"]
[WhiteElo "2340"]
[BlackElo "2300"]
[PlyCount "129"]
[EventDate "1990.??.??"]

1. d4 Nf6 2. Bg5 e6 3. e3 b6 4. Nd2 Bb7 5. f3 d5 6. Bd3 c5 7. c3 Nc6 8. f4 Be7
9. Nh3 a5 10. Nf2 Nd7 11. Bxe7 Qxe7 12. O-O O-O 13. Nf3 Rfd8 14. Qe2 f5 15. g4
g6 16. Kh1 Nf6 17. Rg1 Ne4 18. gxf5 exf5 19. Bb5 Nd6 20. Bxc6 Bxc6 21. Ne5 Be8
22. Qf3 Nc4 23. Nfd3 Nd2 24. Qg2 Ne4 25. Nf2 Rac8 26. Nxe4 dxe4 27. Qg5 Qxg5
28. Rxg5 b5 29. Rd1 Bf7 30. Nxf7 Kxf7 31. Rgg1 cxd4 32. cxd4 Rc2 33. Rg2 Rdc8
34. Rdd2 Rc1+ 35. Rg1 Ke6 36. Rxc1 Rxc1+ 37. Kg2 Kd6 38. Re2 a4 39. a3 Kc6 40.
Kf2 Kd5 41. Kg2 Ke6 42. Kf2 h6 43. h4 Rh1 44. Kg3 Rc1 45. Kg2 Kf6 46. Rd2 Rc6
47. Kg3 Rc8 48. Kg2 g5 49. hxg5+ hxg5 50. fxg5+ Kxg5 51. Kg3 Kf6 52. Kf2 Rh8
53. Kg3 Rg8+ 54. Kf2 Rc8 55. Kg2 Rc1 56. Kf2 Ke6 57. Kg2 Rc8 58. Kg3 Rg8+ 59.
Kf2 Rh8 60. Kg3 Rg8+ 61. Kf2 Rc8 62. Kg3 Rc1 63. Kf2 Kd5 64. Kg3 Rg1+ 65. Kf2
1/2-1/2

[Event "BL 9091 Tegel-Frankfurt"]
[Site "?"]
[Date "1990.??.??"]
[Round "?.1"]
[White "Khalifman, A."]
[Black "Tomczak, R."]
[Result "1-0"]
[WhiteElo "2615"]
[BlackElo "2305"]
[PlyCount "53"]
[EventDate "1990.??.??"]

1. d4 Nf6 2. Nf3 e6 3. c4 c5 4. d5 exd5 5. cxd5 d6 6. e4 g6 7. Nc3 Bg7 8. h3
O-O 9. Bd3 Re8 10. O-O a6 11. a4 c4 12. Bc2 Nbd7 13. Bf4 Nc5 14. Re1 Nh5 15.
Bh2 Qb6 16. Rb1 Bd7 17. Nd2 Qc7 18. Nxc4 Nxe4 19. Rxe4 Rxe4 20. Nxe4 Qxc4 21.
Nxd6 Qb4 22. Qf3 Rf8 23. b3 f5 24. Bd3 f4 25. Ne4 h6 26. Rd1 Qxb3 27. Nc5 1-0

[Event "BL 9091 Tegel-Frankfurt"]
[Site "?"]
[Date "1990.??.??"]
[Round "?.2"]
[White "Lorenz, S."]
[Black "Lobron, E."]
[Result "1-0"]
[WhiteElo "2325"]
[BlackElo "2535"]
[PlyCount "61"]
[EventDate "1990.??.??"]

1. e4 g6 2. d4 Bg7 3. Nc3 d6 4. g3 Nc6 5. Be3 Nf6 6. h3 e5 7. dxe5 Nxe5 8. f4
Nc6 9. Bg2 O-O 10. Nge2 Re8 11. g4 Nxe4 12. Bxe4 d5 13. Bxd5 Rxe3 14. Bxc6 Qh4+
15. Kd2 Rxh3 16. Rxh3 Qxh3 17. Qh1 Qxg4 18. Rg1 Qe6 19. Be4 Qb6 20. f5 Bd7 21.
Qh4 Bf6 22. Qf4 Rd8 23. Kc1 Be8 24. Rh1 h5 25. Qg3 h4 26. Rxh4 Bxh4 27. Qxh4
Qd6 28. Bd3 gxf5 29. Ng3 Rd7 30. Nxf5 Qe5 31. Ne4 1-0

[Event "BL 9091 Tegel-Frankfurt"]
[Site "?"]
[Date "1990.??.??"]
[Round "?.3"]
[White "Gutman, L."]
[Black "Rabiega, R."]
[Result "1-0"]
[WhiteElo "2450"]
[BlackElo "2345"]
[PlyCount "51"]
[EventDate "1990.??.??"]

1. d4 d5 2. c4 e6 3. Nc3 Be7 4. cxd5 exd5 5. Bf4 Nf6 6. e3 O-O 7. Bd3 c6 8. h3
Re8 9. Nge2 Nbd7 10. O-O Nf8 11. Qd2 Ng6 12. Bh2 Bd6 13. Bxd6 Qxd6 14. f3 Qe7
15. e4 dxe4 16. fxe4 c5 17. e5 cxd4 18. exf6 dxc3 19. Nxc3 gxf6 20. Bxg6 hxg6
21. Nd5 Qc5+ 22. Kh1 Kg7 23. Nxf6 Re3 24. Rac1 Qe5 25. Rxc8 Rxc8 26. Ng4 1-0

[Event "BL 9091 Tegel-Frankfurt"]
[Site "?"]
[Date "1990.??.??"]
[Round "?.4"]
[White "Hargens, T."]
[Black "Tischbierek, R."]
[Result "0-1"]
[WhiteElo "2255"]
[BlackElo "2495"]
[PlyCount "60"]
[EventDate "1990.??.??"]

1. d4 d5 2. Nf3 Nf6 3. e3 g6 4. c4 c6 5. Nc3 Bg7 6. cxd5 cxd5 7. Bb5+ Nbd7 8.
O-O O-O 9. Bd3 b6 10. b3 Bb7 11. Bb2 Ne4 12. Ne2 Ndc5 13. Bc2 Rc8 14. Nf4 Na6
15. a3 Nb8 16. Bd3 Nc6 17. b4 e6 18. Rc1 Re8 19. h3 Re7 20. Qb3 Bh6 21. Rcd1
Nd6 22. Ne5 Rec7 23. Nxc6 Bxc6 24. b5 Bb7 25. Rc1 Nc4 26. Rc2 Na5 27. Rxc7 Nxb3
28. Rxb7 Bxf4 29. exf4 Ra8 30. a4 Na5 0-1

[Event "BL 9091 Tegel-Frankfurt"]
[Site "?"]
[Date "1990.??.??"]
[Round "?.5"]
[White "Werner, D."]
[Black "Sperlich, O."]
[Result "1/2-1/2"]
[WhiteElo "2340"]
[BlackElo "2295"]
[PlyCount "89"]
[EventDate "1990.??.??"]

1. e4 c5 2. Nf3 Nc6 3. Bb5 a6 4. Bxc6 dxc6 5. h3 e5 6. a4 Bd6 7. O-O Be6 8. a5
Qe7 9. d3 f6 10. Be3 g5 11. Nfd2 h5 12. Nc3 O-O-O 13. b3 Nh6 14. Nc4 Bxc4 15.
bxc4 Nf7 16. g3 Rdg8 17. Kg2 Nd8 18. Rh1 Rh7 19. Qf3 Kb8 20. Qf5 Ne6 21. Na4
Rgh8 22. Rab1 Rf7 23. Rb2 Ng7 24. Qf3 Qf8 25. Rhb1 Ka8 26. Qe2 Ne6 27. Kh2 Rhh7
28. Rb3 Nd4 29. Bxd4 exd4 30. Kg2 f5 31. exf5 Rxf5 32. Rf1 Rhf7 33. Rbb1 h4 34.
g4 Re5 35. Qd2 Bc7 36. Nb6+ Kb8 37. Rbe1 Qd6 38. Rxe5 Qxe5 39. Rh1 Re7 40. Qd1
Qf4 41. Qf3 Qxf3+ 42. Kxf3 Bf4 43. Rd1 Bd6 44. Na4 Re8 45. Ra1 1/2-1/2

[Event "BL 9091 Tegel-Frankfurt"]
[Site "?"]
[Date "1990.??.??"]
[Round "?.6"]
[White "Zierke, O."]
[Black "Kohlweyer, B."]
[Result "0-1"]
[WhiteElo "2235"]
[BlackElo "2385"]
[PlyCount "82"]
[EventDate "1990.??.??"]

1. d4 Nf6 2. Nf3 e6 3. Bg5 h6 4. Bxf6 Qxf6 5. e4 d6 6. Nc3 a6 7. Qd2 Nd7 8.
O-O-O Qe7 9. Kb1 g6 10. Bd3 Bg7 11. Rhe1 O-O 12. e5 d5 13. Ne2 c5 14. c3 b6 15.
h4 a5 16. g4 Ba6 17. Bxa6 Rxa6 18. g5 h5 19. Nf4 b5 20. Rc1 Rb8 21. Ka1 c4 22.
Rb1 b4 23. Rec1 Nb6 24. Qd1 Qe8 25. Ne2 Bf8 26. Nd2 Ra7 27. b3 cxb3 28. Qxb3 a4
29. Qb2 b3 30. Rh1 Qb5 31. Rbe1 Be7 32. Ng3 Qe8 33. Ngf1 Qf8 34. Qc1 Ba3 35.
Qd1 Qc8 36. Qf3 Rc7 37. Rh3 Nc4 38. Nxc4 Rxc4 39. Qd3 bxa2 40. Kxa2 Rb2+ 41.
Kxa3 Rb3+ 0-1

[Event "BL 9091 Porz-Bielefeld"]
[Site "?"]
[Date "1990.??.??"]
[Round "?.3"]
[White "Beckemeyer, W."]
[Black "Lutz, C."]
[Result "0-1"]
[WhiteElo "2345"]
[BlackElo "2445"]
[PlyCount "94"]
[EventDate "1990.??.??"]

1. e4 c5 2. Nf3 d6 3. d4 cxd4 4. Nxd4 Nf6 5. Nc3 a6 6. g3 e5 7. Nde2 b5 8. Bg2
Bb7 9. h3 Nbd7 10. g4 Nb6 11. Ng3 b4 12. Nce2 d5 13. Bg5 d4 14. Nh5 Nbd7 15. c3
dxc3 16. bxc3 h6 17. Bxf6 Nxf6 18. Qa4+ Nd7 19. Rd1 Qc7 20. cxb4 Bc6 21. Qb3 g6
22. Nhg3 a5 23. O-O axb4 24. Rc1 Bc5 25. h4 Qa7 26. Ra1 Qa4 27. Qb2 Qa3 28. Qc2
Ba4 29. Qc4 Rc8 30. Qa6 O-O 31. h5 Bc6 32. Qc4 Bb7 33. Qb5 Rc7 34. Rad1 Ba6 35.
Rxd7 Bxb5 36. Rxc7 Bb6 37. Rc2 Rd8 38. Kh2 Rd6 39. hxg6 fxg6 40. f4 Ba4 41.
Rcc1 Qxa2 42. Ra1 Qc2 43. Rfc1 Qd2 44. Rxa4 exf4 45. Ra6 fxg3+ 46. Kh3 Qxe2 47.
Rxb6 h5 0-1

[Event "BL 9091 Porz-Bielefeld"]
[Site "?"]
[Date "1990.??.??"]
[Round "?.4"]
[White "Schmittdiel, E."]
[Black "Panzer, P."]
[Result "1/2-1/2"]
[WhiteElo "2505"]
[BlackElo "2280"]
[PlyCount "103"]
[EventDate "1990.??.??"]

1. e4 e5 2. Nf3 Nf6 3. Nxe5 d6 4. Nf3 Nxe4 5. d4 d5 6. Bd3 Be7 7. O-O Nc6 8. c4
Nb4 9. Be2 O-O 10. Nc3 Bf5 11. a3 Nxc3 12. bxc3 Nc6 13. Be3 dxc4 14. Bxc4 Bf6
15. Bd3 Qd7 16. Rb1 b6 17. Bxf5 Qxf5 18. Qa4 Ne7 19. c4 c6 20. Rbd1 Rfd8 21.
Qb3 b5 22. Rc1 a6 23. a4 bxc4 24. Rxc4 Rab8 25. Rb4 Rxb4 26. Qxb4 Qd3 27. Qa5
Rc8 28. Bg5 Bxg5 29. Qxg5 Nd5 30. Ne5 Qxd4 31. Nxc6 Qc4 32. Rc1 Nc3 33. Ne7+
Kf8 34. Kh1 h6 35. Qe3 Re8 36. Re1 Ne4 37. Rc1 Nxf2+ 38. Kg1 Qe4 39. Qxf2 Qxe7
40. h3 Qe4 41. a5 Kg8 42. Kh1 Qd5 43. Rf1 Rb8 44. Qf5 Qxf5 45. Rxf5 Rb4 46. Rc5
Ra4 47. Rc8+ Kh7 48. Rc7 Rxa5 49. Rxf7 Re5 50. Ra7 a5 51. Ra6 h5 52. h4 1/2-1/2

[Event "BL 9091 Porz-Bielefeld"]
[Site "?"]
[Date "1990.??.??"]
[Round "?.5"]
[White "Haskamp, S."]
[Black "Knaak, R."]
[Result "0-1"]
[WhiteElo "2275"]
[BlackElo "2515"]
[PlyCount "58"]
[EventDate "1990.??.??"]

1. e4 e6 2. d4 d5 3. e5 c5 4. Nf3 cxd4 5. Bd3 Nd7 6. O-O Ne7 7. Bf4 Nc6 8. Re1
Be7 9. Bg3 Qb6 10. Nbd2 Qxb2 11. Nb3 Bb4 12. Re2 Bc3 13. a4 Nc5 14. Rb1 Qa3 15.
Nxc5 Qxc5 16. h4 Nb4 17. Qc1 h6 18. Bb5+ Bd7 19. Bxd7+ Kxd7 20. Qf4 Rhf8 21.
Qg4 Rac8 22. Qxg7 Qc4 23. Kf1 d3 24. cxd3 Qxd3 25. Rc1 Na2 26. Qxh6 Nxc1 27.
Qxc1 Bb4 28. Qa1 Rc2 29. Nd4 Qxd4 0-1

[Event "BL 9091 Porz-Bielefeld"]
[Site "?"]
[Date "1990.??.??"]
[Round "?.6"]
[White "Vogt, L."]
[Black "Beilfuss, W."]
[Result "1-0"]
[WhiteElo "2505"]
[BlackElo "2220"]
[PlyCount "162"]
[EventDate "1990.??.??"]

1. e4 c5 2. Nf3 e6 3. d4 cxd4 4. Nxd4 a6 5. Bd3 Nf6 6. O-O d6 7. c4 b6 8. Nc3
Bb7 9. f4 Be7 10. Kh1 O-O 11. b3 Nc6 12. Nxc6 Bxc6 13. Bb2 Nd7 14. Qe2 Bf6 15.
Rad1 Qc7 16. Bb1 Rad8 17. Qd3 Nc5 18. Qc2 Bxc3 19. Qxc3 e5 20. fxe5 dxe5 21.
Qxe5 Qxe5 22. Bxe5 Nxe4 23. Bd4 b5 24. cxb5 axb5 25. Bc2 Rd7 26. Bb6 Rb7 27.
Ba5 Re8 28. Bb4 g6 29. Kg1 f5 30. Rfe1 Kf7 31. Rd4 Nf6 32. Rxe8 Nxe8 33. a4 Nf6
34. a5 Nd5 35. Bc5 Rd7 36. b4 Nc7 37. Bb3+ Kf6 38. Kf2 Rxd4 39. Bxd4+ Ke7 40.
Bc5+ Kf6 41. g3 Ke5 42. Ke3 Nd5+ 43. Kd3 Bb7 44. Bd1 h5 45. Bf8 f4 46. Bg7+ Kf5
47. Kd4 Nxb4 48. gxf4 Kxf4 49. Bh6+ Kf5 50. Kc5 Nd3+ 51. Kxb5 Ne5 52. a6 Bxa6+
53. Kxa6 Ng4 54. Bc2+ Ke5 55. Bg7+ Kf4 56. Bf8 Ke5 57. h3 Nf2 58. h4 Kf4 59.
Bxg6 Kg4 60. Be7 Nd1 61. Bd3 Ne3 62. Be2+ Kh3 63. Bxh5 Nf5 64. Bd8 Nxh4 65. Kb5
Nf5 66. Kc4 Kg3 67. Kd5 Kf4 68. Bc7+ Kg5 69. Be2 Ne7+ 70. Ke4 Kg6 71. Bg4 Kf7
72. Ke5 Ng6+ 73. Kd6 Nf4 74. Ba5 Kf6 75. Bd8+ Kf7 76. Bg5 Ng6 77. Bh5 Kg7 78.
Ke6 Nf8+ 79. Kf5 Nh7 80. Bd2 Nf8 81. Be8 Nh7 1-0

[Event "BL 9091 Porz-Bielefeld"]
[Site "?"]
[Date "1990.??.??"]
[Round "?.7"]
[White "Geveke, M."]
[Black "Uhlmann, W."]
[Result "0-1"]
[WhiteElo "2320"]
[BlackElo "2505"]
[PlyCount "68"]
[EventDate "1990.??.??"]

1. Nf3 Nf6 2. g3 g6 3. c4 Bg7 4. Bg2 O-O 5. Nc3 d6 6. O-O e5 7. d4 Nbd7 8. b3
Re8 9. Qc2 c6 10. Rd1 Qa5 11. e4 a6 12. Rb1 Qc7 13. Ba3 Bf8 14. h3 b5 15. dxe5
dxe5 16. Bxf8 Rxf8 17. cxb5 cxb5 18. Rbc1 Bb7 19. Qb2 Qb6 20. Nd5 Nxd5 21. exd5
Qd6 22. Ng5 Nf6 23. Re1 Rfe8 24. Rcd1 Rad8 25. g4 Rd7 26. Ne4 Nxe4 27. Bxe4 b4
28. Bg2 Rde7 29. Re4 a5 30. Rc4 e4 31. Qd4 e3 32. fxe3 Rxe3 33. Rcc1 Re2 34.
Rf1 Rxg2+ 0-1

[Event "BL 9091 Porz-Bielefeld"]
[Site "?"]
[Date "1990.??.??"]
[Round "?.8"]
[White "Schoen, W."]
[Black "Vinke, D."]
[Result "1-0"]
[WhiteElo "2380"]
[BlackElo "2260"]
[PlyCount "82"]
[EventDate "1990.??.??"]

1. d4 Nf6 2. c4 g6 3. Nc3 Bg7 4. e4 d6 5. f4 O-O 6. Nf3 c5 7. d5 e6 8. Be2 exd5
9. cxd5 Na6 10. e5 Ne8 11. O-O Nac7 12. Be3 b6 13. Qd2 Bb7 14. Bc4 a6 15. a4
Rb8 16. Ba2 Ba8 17. Rae1 b5 18. exd6 Nxd6 19. Bxc5 bxa4 20. Ne5 Ncb5 21. Nc6
Bxc6 22. dxc6 Re8 23. Rxe8+ Nxe8 24. Nd5 Kh8 25. f5 Qh4 26. f6 Bh6 27. Qd3 Rd8
28. g3 Qg4 29. Re1 Qc8 30. Be7 Rd6 31. Bxd6 Nexd6 32. Ne7 Qc7 33. Bd5 Qa5 34.
Re2 Bg5 35. Rf2 Qe1+ 36. Kg2 Qe5 37. Bf3 Bxf6 38. Nd5 Bg7 39. c7 Nc8 40. Re2
Nbd6 41. Rxe5 Bxe5 1-0

[Event "BL 9091 Koblenz-Delmenhorst"]
[Site "?"]
[Date "1990.??.??"]
[Round "?.1"]
[White "Hausner, I."]
[Black "Dizdar, G."]
[Result "1-0"]
[WhiteElo "2460"]
[BlackElo "2480"]
[PlyCount "71"]
[EventDate "1990.??.??"]

1. d4 Nf6 2. c4 e6 3. g3 d5 4. Bg2 Bb4+ 5. Bd2 Be7 6. Nf3 c6 7. Qc2 O-O 8. O-O
b6 9. Bf4 Bb7 10. Nbd2 Nbd7 11. e4 Rc8 12. e5 Ne8 13. cxd5 cxd5 14. Qa4 Bc6 15.
Qb3 b5 16. Rfc1 Nb6 17. Qd3 h6 18. h4 Bd7 19. Nf1 Nc7 20. N1h2 Na6 21. Qe2 Nb4
22. b3 Rxc1+ 23. Rxc1 Qa8 24. Ne1 Rc8 25. Rd1 Be8 26. Ng4 Nd7 27. Qd2 Qc6 28.
Bxh6 gxh6 29. Qxh6 Bf8 30. Qg5+ Kh7 31. Bf1 Bg7 32. a3 Nc2 33. Nf6+ Nxf6 34.
exf6 Bh6 35. Bd3+ Kh8 36. Qxh6+ 1-0